[Event "Gachantiva Boyaca Cup"]
[Site "Gachantiva"]
[Date "2016.06.04"]
[Round "1"]
[White "Castillo, Felix"]
[Black "Corredor Castellanos, Camilo"]
[Result "0-1"]
[WhiteElo "2035"]
[BlackElo "1980"]
[PlyCount "78"]
[EventDate "2016.06.04"]
[EventType "swiss"]
[EventRounds "6"]
[EventCountry "COL"]
[SourceTitle "CBM 172 Extra"]
[Source "ChessBase"]
[SourceDate "2016.06.21"]
[SourceVersion "1"]
[SourceVersionDate "2016.06.21"]
[SourceQuality "1"]

1. e4 c5 2. Nf3 e6 3. Bc4 a6 4. a3 b5 5. Ba2 Bb7 6. d3 Nc6 7. Be3 d6 8. Nbd2 g6 9. 0-0 Bg7 10. Rb1 Nge7 11. Re1 0-0 12. Qe2 Rc8 13. Bg5 h6 14. Bh4 Qd7 15. h3 e5 16. c4 b4 17. a4 Kh7 18. Qe3 f5 19. exf5 Nxf5 20. Qe2 Nxh4 21. Nxh4 Nd4 22. Qf1 Rf4 23. Nhf3 Nxf3+ 24. Nxf3 Rcf8 25. Re3 Qxa4 26. Ra1 Qd7 27. Rae1 Qf5 28. Bb1 Bxf3 29. Rxf3 Rxf3 30. gxf3 Qxf3 31. Re3 Qf4 32. Rg3 e4 33. dxe4 Bd4 34. Rg2 Rf6 35. b3 Qd2 36. h4 Rf3 37. e5 Rc3 38. Bxg6+ Kh8 39. Bf7 Rc1 0-1